Lobster Johnson Volume 3: Satan Smells a Rat /

Hellboy's favorite gun-blazing vigilante takes justice to the skies aboard a Nazi-filled zeppelin and to the gritty alleyways of Chinatown against an army of monkeys. Collects The Prayer of Neferu, Caput Mortuum, Satan Smells a Rat, A Scent of Lotus #1-#2, and "Tony Masso's Finest Hou...

Full description

Bibliographic Details
Corporate Author: Library Pass, LLC
Other Authors: Mignola, Mike (writer.)
Format: eBook
Language:English
Published: [United States] : Dark Horse, 2016.
Subjects:
Online Access:Connect to this electronic book (First time users create your free account)

MARC

Tag First Indicator Second Indicator Subfields
LEADER 00000nmm a22000001a 4500
001 in00004626021
006 m|||||o||m||||||||
007 cr|cn |||uuuuu
008 221118s2016 xxu||||eo|||| ||||||eng d
005 20221207221330.2
035 |a (TxWaIVM)IV69207DaLo 
040 |a TxWaIVM  |c TxWaIVM 
245 0 0 |a Lobster Johnson Volume 3: Satan Smells a Rat /  |c powered by Library Pass. 
260 3 |a [United States] :  |b Dark Horse,  |c 2016. 
300 |a 1 online resource. 
336 |a text  |b txt  |2 rdacontent 
337 |a computer  |b c  |2 rdamedia 
338 |a online resource  |b cr  |2 rdacarrier 
520 |a Hellboy's favorite gun-blazing vigilante takes justice to the skies aboard a Nazi-filled zeppelin and to the gritty alleyways of Chinatown against an army of monkeys. Collects The Prayer of Neferu, Caput Mortuum, Satan Smells a Rat, A Scent of Lotus #1-#2, and "Tony Masso's Finest Hour" from Dark Horse Presents #9. * Featuring art by Tonci Zonjic, Kevin Nowlan, Sebastian Fiumara, and more. "If you have never before read a Lobster Johnson story, this is an awesome place to become acquainted with this character."-Comic Vine 
521 |a 4 
538 |a Requires a valid library card and registration for new users. 
538 |a Mode of access: World Wide Web. 
538 |a System requirements: Flash 10.1 or higher, Windows XP and higher, Internet Explorer 7 and higher, Firefox 3.6 and higher, Google Chrome; Max OS 10.5 and higher, Safari 4 and higher. 
650 0 |a Comic books, strips, etc. 
655 7 |a Electronic books.  |2 local 
655 7 |a Comic books, strips, etc.  |2 gsafd 
650 0 |a Horror comic books, strips, etc. 
655 7 |a Horror comic books, strips, etc.  |2 gsafd 
650 0 |a Movie & TV 
655 7 |a Movie & TV  |2 gsafd 
650 0 |a Comic books, strips, etc. --Mythology 
655 7 |a Comic books, strips, etc. --Mythology  |2 gsafd 
650 0 |a Underground comic books, strips, etc. 
655 7 |a Underground comic books, strips, etc.  |2 gsafd 
650 0 |a Comic books, strips, etc. --Religion 
655 7 |a Comic books, strips, etc. --Religion  |2 gsafd 
650 0 |a Fantasy comic books, strips, etc. 
655 7 |a Fantasy comic books, strips, etc.  |2 gsafd 
700 1 |a Mignola, Mike.  |e writer. 
700 1 |a Mignola, Mike.  |e artist. 
700 1 |a Various, .  |e artist. 
710 2 |a Library Pass, LLC. 
856 4 0 |u http://proxy.library.tamu.edu/login?url=https://tamu.librarypass.com/product/com.iversecomics.dark.horse.lobster.johnson.volume.3.satan.smells.a.rat.english.04052016  |z Connect to this electronic book (First time users create your free account)  |t 0 
955 |a Comics Plus. 
999 f f |s 9fdc4d51-46ff-4c25-9c1f-33b6f6d42d89  |i e44bb23e-ecb2-498e-b74f-64b8ce805d4b  |t 0 
952 f f |a Texas A&M University  |b College Station  |c Electronic Resources  |d Available Online  |t 0  |h Library of Congress classification 
998 f f |t 0  |l Available Online